000 00822cam a2200241 a 4500
001 000014321
005 20200929163555.0
008 780601s1969 sp ab b 001 0 spa
040 _aDO-SdBNP
_cDLC
_dDLC
043 _ae-sw---
082 _a330.485
_bJ61s
100 1 _aJiménez Bermejo, María
_932301
245 1 0 _aSuecia :
_bun modelo de economia de mercado de base igualitaria /
_cMaría Jiménez Bermejo.
260 _aMadrid :
_bEuramérica,
_c1969.
300 _a201 p. :
_bil., mapas ;
_c18 cm.
490 1 _aCentro de Estudios Universitarios
504 _aBibliografía p. 197-201.
651 4 _aSuecia
_xCondiciones Economicas
_y1945-
_932302
651 4 _aSuecia
_xPolitica Economica
_932303
830 0 _aCentro de Estudios Universitarios ;
_932304
910 _aCatalogación por copia/LC
049 _aBNGR
999 _c13916
_d13916